000 00936nam a22003017a 4500
001 6084
003 FISKH
005 20250307115841.0
008 250307b cb ||||| |||| 00| 0 eng d
020 _a9781471144585
040 _aFISKH
_beng
_cFISKH
_dFISKH
050 _a PZ7.R915935 T
082 _a813.6
100 _aRussell, Renee Rachel
_d(1965-)
245 _aDork diaries :
_bPuppy love /
_cRachel Renee Russell ; WIth Nikki Russell and Erin Russell
250 _aThis edition first published in 2016
260 _aLondon :
_bSimon,
_c2015.
300 _a310 pages :
_billustrations ;
_c20 cm
505 _aR
520 _aNikki tries to be a pet sitter, but realizes it's harder work than she thought.
521 8 _a670
_bLexile
521 8 _aR
_bRaz-Plus
650 _2Fiction
_aGrade 5
650 _2Middle grade
_aFiction
700 _aRussell, Erin
_dillustrator
942 _2ddc
_cBK
_n0
999 _c6084
_d6084